|
|
|
|
| LEADER |
00598nam a22001457a 4500 |
| 008 |
150318t2001 ii ||||| |||| 00| 0 eng d |
| 020 |
|
|
|a 9788172762407
|c Rs. 650.00
|
| 082 |
|
|
|a 954.035092
|
| 245 |
|
|
|a Mahatma Gandhi :
|b man of the millennium /
|c edited by Sheshrao Chavan
|
| 260 |
|
|
|a Delhi :
|b Authorspress,
|c 2001.
|
| 300 |
|
|
|a 354 p. ;
|
| 653 |
|
|
|a Philosophy
|a Gandhi, Mahatma, 1869-1948
|a Influence (Literary, artistic, etc.)
|
| 942 |
|
|
|c BK
|
| 999 |
|
|
|c 274843
|d 274843
|
| 952 |
|
|
|0 0
|1 0
|2 ddc
|4 0
|6 954_035092000000000_MAH
|7 0
|9 309266
|a PHL
|b PHL
|c ST1
|d 2015-03-18
|g 650.00
|i 4847
|l 0
|o 954.035092 MAH
|p PHL4847
|r 2015-03-18
|y BK
|